[Event "13. Lichtenberger Sommer"]
[Site "?"]
[Date "2014.08.22"]
[Round "7.22"]
[White "George, Tom"]
[Black "Nötzel, Felix"]
[Result "0-1"]
[WhiteElo "1897"]
[BlackElo "2113"]
[PlyCount "128"]
[EventDate "2014.??.??"]
[WhiteTeam "SG Blau-Weiß Stadtilm"]
[BlackTeam "Sfrd. Berlin 1903 e.V."]

1. e4 e5 2. Nf3 Nc6 3. Nc3 Nf6 4. Bb5 Bd6 5. d3 O-O 6. O-O a6 7. Bc4 h6 8. a3
Bc5 9. Nd5 d6 10. Be3 Ba7 11. c3 Nxd5 12. Bxd5 Ne7 13. Bc4 c6 14. Bxa7 Rxa7 15.
d4 b5 16. Bb3 Ng6 17. a4 Qf6 18. axb5 cxb5 19. Qd2 Nf4 20. Qe3 Rc7 21. g3 Nh3+
22. Kh1 Re8 23. Bd5 Bg4 24. Kg2 exd4 25. Nxd4 Ng5 26. Kh1 b4 27. f4 Nxe4 28.
Bxe4 Rce7 29. Rfe1 Rxe4 30. Qxe4 Rxe4 31. Rxe4 bxc3 32. bxc3 d5 33. Re5 Qb6 34.
Rc1 Bh3 35. Re2 a5 36. Kg1 a4 37. Ra2 Kh7 38. Rxa4 Qb2 39. Rc2 Qb1+ 40. Kf2
Qf1+ 41. Ke3 Qg1+ 42. Kd3 Bf1+ 43. Kd2 Qxh2+ 44. Ke1 Qg1 45. Ne2 Bxe2+ 46. Kxe2
Qxg3 47. Rd4 h5 48. Rcd2 Qxc3 49. Rxd5 g6 50. Kf2 h4 51. R5d3 Qf6 52. Rf3 Qf5
53. Kg2 Qg4+ 54. Kf2 Kg7 55. Rdd3 h3 56. Rxh3 Qxf4+ 57. Rdf3 Qd2+ 58. Kg1 f5
59. Rb3 f4 60. Rhd3 Qe2 61. Rdc3 g5 62. Rc7+ Kg6 63. Rbb7 f3 64. Rg7+ Kh5 0-1

[Event "13. Lichtenberger Sommer"]
[Site "?"]
[Date "2014.08.22"]
[Round "7.23"]
[White "Kreutzkamp, Hans-Rudolf"]
[Black "Witte, Ronald"]
[Result "1-0"]
[WhiteElo "2186"]
[BlackElo "2052"]
[PlyCount "139"]
[EventDate "2014.??.??"]
[WhiteTeam "SK Union Eimsbuettel eV"]
[BlackTeam "BSV 63 Chemie Weißensee"]

1. e4 c5 2. Nf3 d6 3. d4 cxd4 4. Nxd4 Nf6 5. Nc3 a6 6. a4 Nc6 7. Be2 e6 8. Be3
Be7 9. O-O O-O 10. f4 Qc7 11. Kh1 Bd7 12. Qe1 Nxd4 13. Bxd4 Bc6 14. e5 Nd7 15.
exd6 Bxd6 16. Qh4 Bc5 17. Bd3 g6 18. Bxc5 Nxc5 19. Be2 Ne4 20. Rf3 Nxc3 21. Rh3
f5 22. Rxc3 Qd8 23. Qf2 Qf6 24. Bf3 e5 25. Bxc6 bxc6 26. Qc5 e4 27. Qxc6 Qxc6
28. Rxc6 Rfd8 29. Kg1 Rd2 30. b4 Re8 31. b5 axb5 32. axb5 e3 33. Re1 Re4 34. b6
Rb4 35. h3 e2 36. g3 Rb2 37. c4 Rb3 38. Kf2 Rdd3 39. Rxe2 Rf3+ 40. Kg1 Rxg3+
41. Rg2 Rxh3 42. Re2 Rhg3+ 43. Kf1 Rgf3+ 44. Rf2 Rh3 45. c5 Rb1+ 46. Kg2 Rbb3
47. Rd6 Rhg3+ 48. Kf1 Rb1+ 49. Ke2 Rc3 50. Rd5 Rb5 51. Rf3 Rcxc5 52. Rxc5 Rxc5
53. Rb3 Rc8 54. Kd3 Kf7 55. Kd4 Ke6 56. b7 Rb8 57. Kc5 h5 58. Kc6 h4 59. Rh3 g5
60. fxg5 f4 61. Rxh4 Kf5 62. g6 f3 63. g7 f2 64. Rh1 Ke4 65. Rf1 Ke3 66. Kc7
Rg8 67. b8=Q Rxg7+ 68. Kd6 Rg6+ 69. Ke5 Rg4 70. Qb2 1-0

[Event "13. Lichtenberger Sommer"]
[Site "?"]
[Date "2014.08.22"]
[Round "7.24"]
[White "Scheide, Helmut"]
[Black "Krefenstein, Sergej"]
[Result "1/2-1/2"]
[WhiteElo "1947"]
[BlackElo "2094"]
[PlyCount "84"]
[EventDate "2014.??.??"]
[WhiteTeam "USV Potsdam e.V., Abt. Schach"]
[BlackTeam "TuS Makkabi Berlin e.V."]

1. d4 d5 2. Nf3 e6 3. e3 c6 4. Bd3 Nd7 5. Nbd2 f5 6. c4 Nh6 7. b3 Bd6 8. Bb2
Qf6 9. Qe2 O-O 10. Rb1 Bc7 11. g3 g5 12. b4 g4 13. Nh4 a6 14. Ng2 Rf7 15. Nb3
Nf8 16. Nf4 Ng6 17. Rc1 Re7 18. h4 Nf7 19. Nh5 Qh8 20. cxd5 exd5 21. Qc2 Nd6
22. a4 Ne4 23. Kf1 Kf7 24. Re1 Nf8 25. Nc1 Ne6 26. Ne2 Bd7 27. Nhf4 Bd6 28.
Nxe6 Rxe6 29. Nf4 Re7 30. Kg2 Bxb4 31. Re2 Qf6 32. Qb3 Qd6 33. Rc2 Be6 34. Rd1
a5 35. Rdc1 Rae8 36. Bxe4 fxe4 37. Bc3 Ra8 38. Rb1 c5 39. dxc5 Bxc5 40. Be5
Qxe5 41. Rxc5 Qd6 42. Qc2 Rd7 1/2-1/2

[Event "13. Lichtenberger Sommer"]
[Site "?"]
[Date "2014.08.22"]
[Round "7.25"]
[White "Schäfer, Heiko"]
[Black "Richter, Götz"]
[Result "0-1"]
[WhiteElo "2064"]
[BlackElo "2028"]
[PlyCount "43"]
[EventDate "2014.??.??"]
[WhiteTeam "Potsdamer SV Mitte e.V."]
[BlackTeam "Klub Kölner Schachfreunde e.V. 1"]

1. e4 c5 2. Nf3 Nc6 3. d3 g6 4. g3 Bg7 5. Bg2 d6 6. O-O Bd7 7. c3 Nf6 8. Qe2
O-O 9. d4 cxd4 10. cxd4 Bg4 11. Qd3 Qb6 12. Be3 Nb4 13. Qb3 Nxe4 14. a3 Nc6 15.
Qc2 d5 16. Ne5 Bf5 17. g4 Nxd4 18. Qd3 Bxe5 19. gxf5 Qxb2 20. Nd2 Qc2 21. Bxe4
dxe4 22. Qxe4 0-1

[Event "13. Lichtenberger Sommer"]
[Site "?"]
[Date "2014.08.22"]
[Round "7.26"]
[White "Wimmer, Thomas"]
[Black "Albrecht, Rainer"]
[Result "0-1"]
[WhiteElo "1881"]
[BlackElo "2109"]
[PlyCount "80"]
[EventDate "2014.??.??"]
[WhiteTeam "SK Marburg 1931/72"]
[BlackTeam "SC Kreuzberg e.V."]

1. e4 e6 2. b3 d5 3. Bb2 Nf6 4. e5 Ng8 5. f4 c5 6. Qg4 Nh6 7. Qh3 Nc6 8. Nf3
Bd7 9. c3 Rc8 10. Na3 a6 11. Nc2 b5 12. Ne3 Qb6 13. Ng4 Nxg4 14. Qxg4 g6 15. h4
h5 16. Qh3 Kd8 17. Ng5 Be8 18. Nxe6+ fxe6 19. Qxe6 Kc7 20. Qxd5 Ne7 21. Qd3 Nf5
22. O-O-O Bc6 23. Be2 Be7 24. Rhg1 Nxh4 25. g3 Nf5 26. g4 Rcd8 27. Qc2 hxg4 28.
Bxg4 Bd7 29. d4 cxd4 30. cxd4+ Kb8 31. Kb1 Ne3 32. Qe2 Nxg4 33. Rxg4 Bxg4 34.
Qxg4 Qc6 35. Rc1 Qe4+ 36. Ka1 Rh1 37. Qe6 Rxc1+ 38. Bxc1 Qxd4+ 39. Kb1 Qd3+ 40.
Ka1 Bc5 0-1

[Event "13. Lichtenberger Sommer"]
[Site "?"]
[Date "2014.08.22"]
[Round "7.27"]
[White "Heuser, Philip"]
[Black "Möller, Dustin"]
[Result "0-1"]
[WhiteElo "2095"]
[BlackElo "1819"]
[PlyCount "86"]
[EventDate "2014.??.??"]
[WhiteTeam "Münchener SC 1836 e.V."]
[BlackTeam "Eckernförder SC von 1921"]

1. d4 Nf6 2. c4 e6 3. Nc3 Bb4 4. Bg5 h6 5. Bh4 g5 6. Bg3 Ne4 7. Rc1 c5 8. e3
Qa5 9. Qc2 Nxg3 10. hxg3 cxd4 11. exd4 Nc6 12. Nf3 g4 13. d5 exd5 14. cxd5 gxf3
15. dxc6 Qe5+ 16. Kd1 dxc6 17. gxf3 Bf5 18. Ne4 O-O-O+ 19. Ke2 Rd2+ 20. Qxd2
Bxd2 21. Kxd2 Qxb2+ 22. Rc2 Rd8+ 23. Bd3 Qd4 24. Rc3 Bxe4 25. fxe4 Qxf2+ 26.
Kc1 Qxg3 27. Rd1 Qe5 28. Kc2 h5 29. Rf1 Qh2+ 30. Kb3 Qd2 31. Bc2 Rd7 32. Rh1
Qg5 33. Rch3 Qb5+ 34. Kc3 a5 35. a3 Qe5+ 36. Kb3 Qb5+ 37. Kc3 Qe5+ 38. Kb3 a4+
39. Ka2 Rd2 40. Kb1 Qb5+ 41. Kc1 Qe2 42. Rc3 h4 43. Rhh3 Rxc2+ 0-1

[Event "13. Lichtenberger Sommer"]
[Site "?"]
[Date "2014.08.22"]
[Round "7.28"]
[White "Guenther, Thomas"]
[Black "Deutschbein, Christopher"]
[Result "0-1"]
[WhiteElo "2089"]
[BlackElo "1984"]
[PlyCount "94"]
[EventDate "2014.??.??"]
[WhiteTeam "SV Senat"]
[BlackTeam "Bille SC von 1924 e.V."]

1. d4 Nf6 2. Nf3 g6 3. g3 Bg7 4. Bg2 d5 5. O-O O-O 6. h3 Nbd7 7. Kh2 c5 8. c3
b6 9. Ne5 Bb7 10. Be3 e6 11. Nxd7 Nxd7 12. c4 cxd4 13. Bxd4 Nf6 14. Nc3 Rc8 15.
cxd5 Nxd5 16. Bxg7 Kxg7 17. Qd4+ Kg8 18. Ne4 Qe7 19. Rac1 Rfd8 20. Rxc8 Rxc8
21. Qa4 Ba8 22. Rd1 Bc6 23. Qa6 Rc7 24. a3 f5 25. Nd2 Qc5 26. Qc4 Qxf2 27. Rf1
Qxg2+ 28. Kxg2 Ne3+ 29. Kg1 Nxc4 30. Nxc4 Bb5 31. Ne3 Bxe2 32. Re1 Ba6 33. Rd1
Bb7 34. Kf2 Kf7 35. Rd2 Ke7 36. Nc2 Be4 37. Ne1 Rd7 38. Re2 Kf6 39. h4 e5 40.
Ke3 Rd4 41. Kf2 g5 42. hxg5+ Kxg5 43. Ke3 Kg4 44. Kf2 Rd5 45. Ng2 Bxg2 46. Kxg2
h5 47. Rf2 Rd3 0-1

[Event "13. Lichtenberger Sommer"]
[Site "?"]
[Date "2014.08.22"]
[Round "7.29"]
[White "Schulz, Olaf"]
[Black "Schubert, Joachim"]
[Result "1-0"]
[WhiteElo "2029"]
[BlackElo "1848"]
[PlyCount "61"]
[EventDate "2014.??.??"]
[WhiteTeam "SC Rotation Pankow e.V."]
[BlackTeam "SC Friesen Lichtenberg e.V."]

1. d4 d5 2. c4 e6 3. Nc3 Nf6 4. Bg5 Be7 5. e3 Nbd7 6. Nf3 b6 7. cxd5 Nxd5 8.
Bxe7 Nxe7 9. b4 Bb7 10. Rc1 c6 11. Bd3 Nf6 12. O-O O-O 13. Qe2 a6 14. Rfd1 h6
15. e4 b5 16. Bb1 Qe8 17. Nh4 g5 18. e5 Nh7 19. Bxh7+ Kxh7 20. Ne4 Nd5 21.
Nxg5+ hxg5 22. Qh5+ Kg7 23. Qxg5+ Kh7 24. Qh5+ Kg7 25. Rd3 Nf4 26. Qg5+ Ng6 27.
Nxg6 fxg6 28. Rh3 Qc8 29. Qh6+ Kf7 30. Rf3+ Ke7 31. Qg7+ 1-0

[Event "13. Lichtenberger Sommer"]
[Site "?"]
[Date "2014.08.22"]
[Round "7.30"]
[White "Steiner, Wolfram"]
[Black "Reichenbach, Werner"]
[Result "0-1"]
[WhiteElo "1995"]
[BlackElo "2258"]
[PlyCount "56"]
[EventDate "2014.??.??"]
[WhiteTeam "SG Lasker Steglitz-Wilmersdorf"]
[BlackTeam "SK Zehlendorf e.V."]

1. d4 Nf6 2. Bg5 e6 3. Nd2 h6 4. Bh4 d5 5. e3 Be7 6. Bd3 Nbd7 7. c3 c5 8. f4 g5
9. fxg5 hxg5 10. Bxg5 e5 11. Nh3 Nh5 12. Bxe7 Qxe7 13. Qe2 Ndf6 14. Bb5+ Kd8
15. dxc5 Qxc5 16. Nb3 Qb6 17. O-O Ke7 18. Kh1 Bg4 19. Qd3 Rag8 20. c4 Bxh3 21.
gxh3 Ng3+ 22. Kg2 Nxf1+ 23. Kxf1 a6 24. Ba4 Rxh3 25. c5 Qe6 26. Qe2 Qf5+ 27.
Ke1 Rg1+ 28. Kd2 Ne4+ 0-1

[Event "13. Lichtenberger Sommer"]
[Site "?"]
[Date "2014.08.22"]
[Round "7.31"]
[White "Zur, Jan"]
[Black "Kievelitz, Bernd"]
[Result "1-0"]
[WhiteElo "2088"]
[BlackElo "1998"]
[PlyCount "63"]
[EventDate "2014.??.??"]
[WhiteTeam "SC Zugzwang 95 e.V."]
[BlackTeam "SC Zitadelle Spandau 1977 e.V."]

1. e4 c5 2. Nf3 e6 3. d4 cxd4 4. Nxd4 a6 5. Bd3 Nf6 6. O-O Qc7 7. c4 Be7 8. Nc3
d6 9. Be3 Nbd7 10. Rc1 O-O 11. b3 Rd8 12. f3 g6 13. Qd2 b6 14. Rfd1 Bb7 15. Bf1
Rac8 16. Qf2 Qb8 17. Nde2 Bc6 18. Nf4 b5 19. cxb5 Bxb5 20. Nxb5 axb5 21. b4
Rxc1 22. Rxc1 d5 23. exd5 Nxd5 24. Nxd5 exd5 25. a3 Ne5 26. Bb6 Rc8 27. Rxc8+
Qxc8 28. Qe3 Bf6 29. Qc5 Qf5 30. Qxd5 Qg5 31. Bc5 Nc4 32. Bxc4 1-0

[Event "13. Lichtenberger Sommer"]
[Site "?"]
[Date "2014.08.22"]
[Round "7.32"]
[White "Fartmann, Oliver"]
[Black "Stiemerling, Wilfried"]
[Result "0-1"]
[WhiteElo "1927"]
[BlackElo "2134"]
[PlyCount "104"]
[EventDate "2014.??.??"]
[WhiteTeam "SV Mattnetz Berlin e.V."]
[BlackTeam "BSG Pneumant Fürstenwalde e.V."]

1. d4 Nf6 2. c4 e6 3. Nc3 Bb4 4. Nf3 b6 5. Qb3 Qe7 6. Bg5 Bb7 7. e3 a5 8. Bd3
d6 9. O-O Bxc3 10. Qxc3 Nbd7 11. Rad1 h6 12. Bh4 O-O 13. Nd2 Rfe8 14. f4 Rac8
15. a3 d5 16. Nf3 c5 17. Ne5 cxd4 18. Qxd4 Qc5 19. cxd5 Qxd4 20. exd4 Nxe5 21.
dxe5 Nxd5 22. Be4 Rc4 23. Rfe1 Rec8 24. Bf2 Rxe4 25. Rxe4 Nc3 26. bxc3 Bxe4 27.
Bxb6 Rxc3 28. Bxa5 Rxa3 29. Bb4 Rb3 30. Ba5 Bd5 31. Rd2 Kh7 32. Kf2 Kg6 33. Rc2
h5 34. Bd2 h4 35. Bc1 Rb1 36. Rc3 Ra1 37. Bb2 Ra2 38. Rc2 Ra4 39. Bc1 Kf5 40.
Rb2 Rd4 41. Be3 Rd3 42. Bd2 Be4 43. Bc1 h3 44. gxh3 Rxh3 45. Kg1 Kg4 46. Bd2
Rf3 47. Be1 Re3 48. Bd2 Ra3 49. Kf1 Kf3 50. Be1 Bd3+ 51. Kg1 Ra1 52. Rf2+ Ke3
0-1

[Event "13. Lichtenberger Sommer"]
[Site "?"]
[Date "2014.08.22"]
[Round "7.33"]
[White "Wierzbicki, Jirawat"]
[Black "Gelemerov, Yane"]
[Result "1/2-1/2"]
[WhiteElo "1924"]
[BlackElo "2090"]
[PlyCount "113"]
[EventDate "2014.??.??"]
[WhiteTeam "SK König Tegel 1949 e.V."]
[BlackTeam "Krakera Pernik"]

1. e4 e5 2. d4 exd4 3. Qxd4 Nc6 4. Qe3 d6 5. Bd2 Be7 6. Nc3 Nf6 7. O-O-O O-O 8.
f4 a6 9. h3 Re8 10. Qf3 Nd4 11. Qf2 Nb5 12. Bd3 Bf8 13. Re1 Nxc3 14. Bxc3 c5
15. g4 b5 16. Qh4 Nd7 17. Qxd8 Rxd8 18. b3 Bb7 19. Nf3 d5 20. exd5 c4 21. bxc4
bxc4 22. Bf5 Bxd5 23. Be4 Rab8 24. Ba5 Ba3+ 25. Kd2 Nb6 26. Bxb6 Rxb6 27. Bxd5
Rxd5+ 28. Ke3 Rb2 29. Rd1 Rxd1 30. Rxd1 f6 31. Rd8+ Kf7 32. Rc8 Rxc2 33. Rc7+
Kf8 34. Nd4 Rc3+ 35. Ke4 Be7 36. Nf5 Bd8 37. Rxg7 Rxh3 38. Rb7 Rh1 39. Kd5 Rf1
40. Kxc4 Rxf4+ 41. Kd5 Rxg4 42. Rxh7 Rg2 43. Rh8+ Kf7 44. Rxd8 Rd2+ 45. Nd4
Rxa2 46. Ra8 Ra5+ 47. Ke4 Ra1 48. Kf4 Ra4 49. Ke4 Ke7 50. Kd5 Kf7 51. Kc5 Kg6
52. Rg8+ Kh5 53. Rf8 Kg5 54. Rg8+ Kf4 55. Rf8 Ke4 56. Rxf6 Rxd4 57. Rxa6
1/2-1/2

[Event "13. Lichtenberger Sommer"]
[Site "?"]
[Date "2014.08.22"]
[Round "7.34"]
[White "Muskewitz, Bernd"]
[Black "Tscheuschner, Georg"]
[Result "0-1"]
[WhiteElo "1969"]
[BlackElo "1967"]
[PlyCount "82"]
[EventDate "2014.??.??"]
[WhiteTeam "SV Mattnetz Berlin e.V."]
[BlackTeam "SV Mattnetz Berlin e.V."]

1. e4 c5 2. Nf3 d6 3. c3 Nf6 4. Bc4 Nxe4 5. Qa4+ Nc6 6. Bxf7+ Kxf7 7. Qxe4 g6
8. O-O Bf5 9. Qe2 Bg7 10. Ng5+ Ke8 11. Ne6 Bxe6 12. Qxe6 Qd7 13. Qe2 Kd8 14. d3
Kc7 15. Na3 a6 16. Be3 Raf8 17. Rab1 Qf5 18. d4 cxd4 19. Bxd4 e5 20. Be3 d5 21.
Bc5 Rd8 22. Nc2 Rhe8 23. f3 b6 24. Bf2 Kb7 25. b4 Nb8 26. Ne3 Qe6 27. c4 d4 28.
Nd1 e4 29. Qxe4+ Qxe4 30. fxe4 Rxe4 31. Bg3 Be5 32. Nf2 Re2 33. Bxe5 Rxe5 34.
Nd3 Re2 35. a4 Rd2 36. Rbd1 Rxd1 37. Rxd1 Nc6 38. b5 axb5 39. axb5 Na5 40. Ne5
Kc7 41. Nf3 d3 0-1

[Event "13. Lichtenberger Sommer"]
[Site "?"]
[Date "2014.08.22"]
[Round "7.35"]
[White "Raab, Helen"]
[Black "Flick, Antoine"]
[Result "1/2-1/2"]
[WhiteElo "1851"]
[BlackElo "2035"]
[PlyCount "67"]
[EventDate "2014.??.??"]
[WhiteTeam "SC Kreuzberg e.V."]
[BlackTeam "Philidor Mulhouse"]

1. e4 c5 2. Nf3 Nc6 3. d4 cxd4 4. Nxd4 e5 5. Nb5 d6 6. N1c3 a6 7. Na3 b5 8. Nd5
Nge7 9. c4 Nd4 10. Nc2 Nxd5 11. cxd5 Bg4 12. Qd3 Nxc2+ 13. Qxc2 Be7 14. Bd3 Rc8
15. Qb3 Bg5 16. O-O O-O 17. a4 Bd7 18. axb5 axb5 19. Bxg5 Qxg5 20. Bxb5 Rb8 21.
Ra5 Qd8 22. Qa4 Bxb5 23. Rxb5 Qd7 24. Ra5 Qxa4 25. Rxa4 Rxb2 26. Ra6 Rd8 27. f3
Kf8 28. h4 Rc8 29. Kh2 Rcc2 30. Rg1 Ke7 31. Ra7+ Ke8 32. Kh3 h5 33. Ra8+ Kd7
34. Rga1 1/2-1/2

[Event "13. Lichtenberger Sommer"]
[Site "?"]
[Date "2014.08.22"]
[Round "7.36"]
[White "Meyer, Ulrich"]
[Black "Godoj, Veit"]
[Result "1-0"]
[WhiteElo "2007"]
[BlackElo "2031"]
[PlyCount "35"]
[EventDate "2014.??.??"]
[WhiteTeam "Schachklub Münster 32 e.V."]
[BlackTeam "SV Königsjäger Süd-West e.V."]

1. d4 g6 2. Bg5 Bg7 3. c3 c6 4. e3 d6 5. Bd3 Qc7 6. Nd2 Nd7 7. f4 a6 8. Ngf3 b5
9. O-O Ngf6 10. a4 Bb7 11. Bxf6 Nxf6 12. axb5 cxb5 13. f5 Bh6 14. Qe1 Ng4 15.
e4 gxf5 16. Qh4 Rg8 17. h3 Bg5 18. Nxg5 1-0

[Event "13. Lichtenberger Sommer"]
[Site "?"]
[Date "2014.08.22"]
[Round "7.38"]
[White "Baranowsky, Peter"]
[Black "Kapr, Klaus"]
[Result "1-0"]
[WhiteElo "1978"]
[BlackElo "2069"]
[PlyCount "100"]
[EventDate "2014.??.??"]
[WhiteTeam "Sfrd. Berlin 1903 e.V."]
[BlackTeam "SC Friesen Lichtenberg e.V."]

1. e4 c6 2. d4 d5 3. Nc3 dxe4 4. Nxe4 Bf5 5. Ng3 Bg6 6. Nf3 Nd7 7. h4 h6 8. h5
Bh7 9. Bd3 Bxd3 10. Qxd3 Ngf6 11. Bd2 e6 12. O-O-O Qc7 13. Kb1 O-O-O 14. Ne4
Nc5 15. Nxc5 Bxc5 16. Qc4 Bb6 17. g3 Rd5 18. Bf4 Qe7 19. Ne5 Bc7 20. Nxc6 bxc6
21. Qxc6 Kb8 22. c4 Rd6 23. Bxd6 Qxd6 24. Qxd6 Bxd6 25. Kc2 Rc8 26. Kd3 Kb7 27.
a3 a5 28. Rb1 e5 29. c5 Bb8 30. Rh4 exd4 31. Kxd4 Kc6 32. b4 axb4 33. axb4 Kb5
34. Kd3 Be5 35. Kc2 Ra8 36. Kb3 Ra4 37. Rd1 Ra7 38. Rc4 Kc6 39. g4 Bc7 40. f3
Rb7 41. Rcd4 Kb5 42. Ra1 Kc6 43. Kc4 Be5 44. Ra6+ Kc7 45. Rd1 Bg3 46. b5 Kc8
47. b6 Nd7 48. Kb5 Nb8 49. Ra7 Bf2 50. Rd8+ Kxd8 1-0

[Event "13. Lichtenberger Sommer"]
[Site "?"]
[Date "2014.08.22"]
[Round "7.39"]
[White "Jensen, Johnny"]
[Black "Issel, Oliver"]
[Result "0-1"]
[WhiteElo "1873"]
[BlackElo "2071"]
[PlyCount "94"]
[EventDate "2014.??.??"]
[WhiteTeam "Aros Skakklub"]

1. e4 e6 2. d4 d6 3. f4 g6 4. Nf3 Bg7 5. Bd3 Ne7 6. O-O Nd7 7. c3 h6 8. Be3 a6
9. Na3 b6 10. Qe2 Bb7 11. Rad1 f5 12. exf5 exf5 13. Bf2 O-O 14. Bh4 Nf6 15.
Rfe1 Ned5 16. Qd2 Qd7 17. c4 Ne7 18. d5 c6 19. Qe3 Rae8 20. Qe6+ Qxe6 21. Rxe6
cxd5 22. Rde1 Nc8 23. cxd5 Bxd5 24. Rxe8 Rxe8 25. Rxe8+ Nxe8 26. Bxa6 Bxb2 27.
Nc4 Bc1 28. Nd4 b5 29. Bxb5 Nc7 30. Bd7 Bxc4 31. Bxc8 Bxa2 32. Bd8 Be3+ 33. Kf1
Bxd4 34. Bxc7 Bc4+ 35. Ke1 Bc5 36. Kd2 Kf7 37. Kc3 Be6 38. Ba6 Ke7 39. Bb5 Be3
40. Be2 Bxf4 41. g3 Be5+ 42. Kd3 f4 43. g4 Bd5 44. h4 Bb7 45. Ba5 f3 46. Bd1 f2
47. Ke2 Bf3+ 0-1

[Event "13. Lichtenberger Sommer"]
[Site "?"]
[Date "2014.08.22"]
[Round "7.40"]
[White "Kupfer, Michael"]
[Black "Willich, Manfred"]
[Result "1/2-1/2"]
[WhiteElo "2059"]
[BlackElo "1961"]
[PlyCount "37"]
[EventDate "2014.??.??"]
[WhiteTeam "SC Friesen Lichtenberg e.V."]
[BlackTeam "SK Turm Bad Hersfeld"]

1. e4 c5 2. a3 g6 3. b4 Bg7 4. Nc3 b6 5. Rb1 Ba6 6. Nge2 d6 7. g3 Nd7 8. Bg2
Rb8 9. d3 Ngf6 10. O-O O-O 11. b5 Bb7 12. f4 Ne8 13. Be3 f5 14. Bh3 e6 15. Qe1
Nef6 16. Bg2 Qe7 17. h3 d5 18. e5 d4 19. Bxb7 1/2-1/2

[Event "13. Lichtenberger Sommer"]
[Site "?"]
[Date "2014.08.22"]
[Round "7.41"]
[White "Alcer, Fabian"]
[Black "Kornrumpf, Joachim"]
[Result "0-1"]
[WhiteElo "1760"]
[BlackElo "2061"]
[PlyCount "60"]
[EventDate "2014.??.??"]
[WhiteTeam "SV Empor Berlin e.V."]
[BlackTeam "Preetzer TSV"]

1. e4 c5 2. c3 d6 3. d4 Nd7 4. Nf3 Qc7 5. Bd3 g6 6. O-O Bg7 7. Re1 e5 8. dxe5
dxe5 9. Na3 a6 10. Bg5 h6 11. Bh4 Ngf6 12. Qa4 O-O 13. Rad1 Rb8 14. Nc4 b5 15.
Qa5 Qxa5 16. Nxa5 c4 17. Bc2 Rb6 18. Rd2 g5 19. Bg3 Re8 20. Red1 Bf8 21. a4
Rbe6 22. b3 Nc5 23. bxc4 bxa4 24. Rd8 Nfxe4 25. Rxe8 Rxe8 26. Bxe5 g4 27. Bxe4
gxf3 28. Re1 Nxe4 29. Rxe4 f6 30. Rg4+ Bxg4 0-1

[Event "13. Lichtenberger Sommer"]
[Site "?"]
[Date "2014.08.22"]
[Round "7.42"]
[White "Kutschke, Jens"]
[Black "Bonke, Hans-Jürgen"]
[Result "0-1"]
[WhiteElo "2014"]
[BlackElo "1951"]
[PlyCount "110"]
[EventDate "2014.??.??"]
[WhiteTeam "Sfrd. Berlin 1903 e.V."]
[BlackTeam "SC Kreuzberg e.V."]

1. e4 g6 2. d4 Bg7 3. Be3 d6 4. Nc3 Nd7 5. f4 e6 6. Nf3 Ne7 7. Bd3 a6 8. Qd2 h6
9. O-O-O b5 10. g4 Bb7 11. Rhf1 c5 12. dxc5 Nxc5 13. f5 b4 14. Ne2 Qa5 15. Kb1
Na4 16. Ned4 Nc5 17. fxe6 fxe6 18. Nb3 Nxb3 19. cxb3 Bc6 20. Nd4 Bd7 21. Nc2
Bb5 22. Qxb4 Qxb4 23. Nxb4 Be5 24. Bxb5+ axb5 25. Bf4 Bxf4 26. Rxf4 Kd7 27. Rf2
Rab8 28. Nd3 Kc7 29. Rf6 e5 30. Nb4 Rbd8 31. Rf7 Rd7 32. Rc1+ Kd8 33. Rf6 g5
34. Rd1 Kc7 35. Nd5+ Nxd5 36. Rxd5 h5 37. Rxb5 hxg4 38. Rf2 Rh3 39. Rc2+ Kd8
40. Rb8+ Ke7 41. Rg8 g3 42. hxg3 Rxg3 43. a4 g4 44. Ka2 Kf7 45. Rh8 Kg7 46.
Rch2 Kg6 47. a5 Kg5 48. Rf8 Rh3 49. Rg2 Rg7 50. b4 Re3 51. Rff2 Rxe4 52. Rd2
Rxb4 53. Ka3 Rgb7 54. Rxd6 R4b5 55. a6 Ra5# 0-1

[Event "13. Lichtenberger Sommer"]
[Site "?"]
[Date "2014.08.22"]
[Round "7.43"]
[White "Kapp, Frank"]
[Black "Mai, Andreas"]
[Result "0-1"]
[WhiteElo "1910"]
[BlackElo "1998"]
[PlyCount "106"]
[EventDate "2014.??.??"]
[WhiteTeam "TSV IFA Chemnitz"]
[BlackTeam "SC Friesen Lichtenberg e.V."]

1. d4 Nf6 2. c4 g6 3. Nc3 Bg7 4. e4 d6 5. f3 O-O 6. Be3 e5 7. Bd3 exd4 8. Bxd4
Nc6 9. Be3 Ne5 10. Nge2 Be6 11. b3 Nfd7 12. Rc1 Nxd3+ 13. Qxd3 f5 14. O-O Nc5
15. Qd2 fxe4 16. Nxe4 Nxe4 17. fxe4 Qd7 18. Bd4 a6 19. Ng3 Rae8 20. Rxf8+ Rxf8
21. Bxg7 Qxg7 22. Re1 Qe5 23. Rf1 Rxf1+ 24. Kxf1 Kg7 25. Kg1 b6 26. Kf2 h5 27.
h3 h4 28. Ne2 Qxe4 29. Qd4+ Qxd4+ 30. Nxd4 Bd7 31. Ke3 Kf6 32. Nf3 g5 33. Nd4
c5 34. Ne2 Bc6 35. g4 Ke5 36. Nc1 Be4 37. Ne2 Bg2 38. Ng1 d5 39. cxd5 Bxd5 40.
Ne2 b5 41. Nc1 c4 42. a3 cxb3 43. Nd3+ Kd6 44. Kd4 a5 45. Kc3 Bc4 46. Ne1 Ke5
47. Nf3+ Kf4 48. Nd4 Kg3 49. a4 b2 50. Kxb2 b4 51. Nc6 Kxh3 52. Nxa5 Bd5 53.
Nb3 Kxg4 0-1

[Event "13. Lichtenberger Sommer"]
[Site "?"]
[Date "2014.08.22"]
[Round "7.44"]
[White "Poseck, Steffen"]
[Black "Korell, Klaus-Peter"]
[Result "0-1"]
[WhiteElo "2019"]
[BlackElo "1901"]
[PlyCount "110"]
[EventDate "2014.??.??"]
[WhiteTeam "BSV 63 Chemie Weißensee"]
[BlackTeam "SG TT/Wiheil"]

1. Nf3 Nf6 2. d4 e6 3. e3 b6 4. Bd3 Bb7 5. O-O Be7 6. Nbd2 d5 7. Ne5 Nbd7 8.
Bb5 Bd6 9. f4 O-O 10. Qf3 a6 11. Bd3 c5 12. c3 Qe7 13. g4 g6 14. Qh3 Ne4 15.
Bxe4 dxe4 16. Ndc4 Bc7 17. f5 f6 18. Nxd7 Qxd7 19. Bd2 exf5 20. gxf5 g5 21. Be1
cxd4 22. cxd4 b5 23. Nd2 Rac8 24. Nb3 Bb6 25. Bb4 Rfd8 26. Bc5 Bxc5 27. Nxc5
Qf7 28. Ne6 Re8 29. b3 Bd5 30. Nc5 a5 31. Rf2 Rc6 32. Rb1 Ra8 33. Qf1 Rb8 34.
Qe2 Qe8 35. Qe1 Qc8 36. Rbb2 Qe8 37. Rbc2 Rbc8 38. a3 Qf7 39. Rb2 Rb8 40. Qd2
Ra8 41. Qe2 Rb8 42. b4 a4 43. h4 h6 44. Qg4 Re8 45. hxg5 fxg5 46. Rh2 Rf6 47.
Rbf2 Kg7 48. Rh5 Rh8 49. Kg2 Rf8 50. Rxg5+ hxg5 51. Qxg5+ Kh8 52. Rf4 Rg8 53.
Rh4+ Qh7 54. Rxh7+ Kxh7 55. Nxe4 Bxe4+ 0-1

[Event "13. Lichtenberger Sommer"]
[Site "?"]
[Date "2014.08.22"]
[Round "7.45"]
[White "Rollwitz, Jürgen"]
[Black "Heerde, Thomas"]
[Result "1-0"]
[WhiteElo "1987"]
[BlackElo "2074"]
[PlyCount "115"]
[EventDate "2014.??.??"]
[WhiteTeam "SC Rochade e.V."]
[BlackTeam "SC Weisse Dame e.V."]

1. e4 d5 2. exd5 Qxd5 3. Nc3 Qa5 4. Nf3 Nf6 5. Be2 g6 6. d3 Bg7 7. Bd2 c6 8.
Ne4 Qc7 9. Nxf6+ Bxf6 10. c3 O-O 11. d4 a5 12. O-O a4 13. Qc2 Nd7 14. Rfe1 Re8
15. Bf1 b6 16. Qe4 Bb7 17. Ne5 Ra5 18. Bf4 Qc8 19. Qe3 b5 20. Nxd7 Qxd7 21. Be5
Bxe5 22. Qxe5 Raa8 23. a3 Rad8 24. Be2 Qd6 25. Bf3 Bc8 26. Re3 Be6 27. Rae1
Qxe5 28. Rxe5 Rd6 29. Bxc6 Rxc6 30. d5 Bxd5 31. Rxd5 Rb6 32. Ree5 e6 33. Rxb5
Rd8 34. g3 Rbd6 35. Re2 Ra6 36. Rb4 Kg7 37. Rc2 e5 38. c4 Rc8 39. c5 f5 40.
Rcc4 Kf6 41. Rb6+ Rxb6 42. cxb6 Rb8 43. Rxa4 Rxb6 44. b4 g5 45. Ra5 g4 46. b5
Kg5 47. a4 f4 48. Ra6 Rb8 49. Rc6 Ra8 50. Rc4 Kf5 51. b6 Rd8 52. Rc1 e4 53.
gxf4 Kxf4 54. b7 Kf3 55. Rb1 h5 56. b8=Q Rd3 57. Re1 h4 58. Qf8# 1-0

[Event "13. Lichtenberger Sommer"]
[Site "?"]
[Date "2014.08.22"]
[Round "7.46"]
[White "Lischeid, Kilian"]
[Black "Schulz, Hartmut"]
[Result "0-1"]
[WhiteElo "1642"]
[BlackElo "2106"]
[PlyCount "56"]
[EventDate "2014.??.??"]
[WhiteTeam "Schachunion Berlin e.V."]
[BlackTeam "SC Rotation Pankow e.V."]

1. c4 c6 2. d4 d5 3. Nc3 Nf6 4. Nf3 e6 5. Bf4 dxc4 6. e3 b5 7. a4 Bb4 8. Be2
Bb7 9. O-O a6 10. Qc2 Nbd7 11. Ne5 Nb6 12. Bf3 Nbd5 13. Bg3 Rc8 14. Ne4 Nxe4
15. Bxe4 Nf6 16. axb5 axb5 17. Ra7 Qb6 18. Rfa1 O-O 19. Bh4 Nxe4 20. Qxe4 Ra8
21. Rxa8 Rxa8 22. Rxa8+ Bxa8 23. Qf4 Qa7 24. g3 Bf8 25. Ng4 f5 26. Ne5 c5 27.
Nf3 Qb7 28. Kg2 b4 0-1